[Event "Mallorca-ch School U16"]
[Site "Mallorca"]
[Date "2018.02.09"]
[Round "2"]
[White "Rizo, Cristian"]
[Black "Alcaraz Palomares, Asensio"]
[Result "0-1"]
[WhiteElo "1485"]
[BlackElo "1580"]
[PlyCount "74"]
[EventDate "2018.02.02"]
[EventType "swiss"]
[EventRounds "6"]
[EventCountry "ESP"]
[SourceTitle "EXT 2024"]
[Source "ChessBase"]
[SourceDate "2023.10.10"]
[SourceVersion "1"]
[SourceVersionDate "2023.10.10"]
[SourceQuality "1"]

1. e4 c5 2. Nf3 d6 3. d4 cxd4 4. Nxd4 Nf6 5. Nc3 g6 6. f3 Bg7 7. Be3 Bd7 8. Qd2 Nc6 9. 0-0-0 a6 10. g4 b5 11. h4 h5 12. gxh5 Nxh5 13. Bh3 b4 14. Bxd7+ Qxd7 15. Nd5 Rb8 16. Nxc6 Qxc6 17. Bd4 a5 18. Kb1 Rc8 19. Rc1 Bh6 20. Be3 Bxe3 21. Qxe3 e6 22. Nf4 Nxf4 23. Qxf4 a4 24. e5 dxe5 25. Qxb4 Qc4 26. c3 Qd3+ 27. Ka1 Ra8 28. Qb7 0-0 29. h5 Rfb8 30. Qe7 a3 31. bxa3 Qd2 32. Qb4 Rxb4 33. cxb4 Rxa3 34. Rc8+ Kh7 35. hxg6+ Kxg6 36. Rg8+ Kf5 37. Rh5+ Kf6 0-1